[Event "45. Open de Mislata 2011 - Magistral"]
[Site "Mislata ESP"]
[Date "2011.08.15"]
[Round "1.1"]
[White "Morejon, Eduardo"]
[Black "Garcia Molla, Victor Manuel"]
[Result "0-1"]
[WhiteElo "2037"]
[BlackElo "2304"]
[PlyCount "84"]
[EventDate "2011.08.15"]
[EventType "tourn"]
[EventRounds "9"]
[EventCountry "ESP"]
[EventCategory "2"]
[Source "lmi"]
[SourceDate "2011.08.15"]

1. d4 Nf6 2. Nf3 e6 3. e3 b6 4. Bd3 Bb7 5. O-O Be7 6. c4 O-O 7. b3 d5 8. Nbd2
Nbd7 9. Qc2 c5 10. cxd5 exd5 11. Bb2 Rc8 12. Qb1 Re8 13. Ne5 Bf8 14. Nxd7 Nxd7
15. Bxh7+ Kh8 16. Bf5 Rc6 17. Qd1 Rh6 18. dxc5 bxc5 19. Qg4 Nf6 20. Qg5 d4 21.
Nc4 Qd5 22. e4 Rxe4 23. Bxe4 Qxg5 24. Bxb7 Qf4 25. g3 Qc7 26. Bg2 Ng4 27. h3
Ne5 28. Bc1 Re6 29. Bf4 Bd6 30. Bd5 Re7 31. Rfe1 Nxc4 32. Rxe7 Qxe7 33. bxc4
Bxf4 34. gxf4 Qf6 35. Re1 Qxf4 36. Re8+ Kh7 37. Re4 Qc1+ 38. Kg2 f5 39. Re5 Qf4
40. Re8 d3 41. Bf3 d2 42. Bd1 Qxc4 0-1

[Event "45. Open de Mislata 2011 - Magistral"]
[Site "Mislata ESP"]
[Date "2011.08.15"]
[Round "1.2"]
[White "Kovacevic, Slobodan"]
[Black "Castella Garcia, Fausto"]
[Result "1/2-1/2"]
[WhiteElo "2325"]
[BlackElo "2326"]
[PlyCount "31"]
[EventDate "2011.08.15"]
[EventType "tourn"]
[EventRounds "9"]
[EventCountry "ESP"]
[EventCategory "2"]
[Source "lmi"]
[SourceDate "2011.08.15"]

1. Nf3 g6 2. c4 c5 3. Nc3 Bg7 4. e3 Nf6 5. d4 O-O 6. d5 d6 7. Be2 e6 8. Nd2 Na6
9. O-O Nc7 10. e4 exd5 11. cxd5 Re8 12. a4 Na6 13. f4 Nb4 14. Bf3 b6 15. Be2 a6
16. Bf3 1/2-1/2

[Event "45. Open de Mislata 2011 - Magistral"]
[Site "Mislata ESP"]
[Date "2011.08.15"]
[Round "1.5"]
[White "Palencia, Wilson"]
[Black "Garcia, Jhoel"]
[Result "0-1"]
[WhiteElo "2326"]
[BlackElo "2376"]
[PlyCount "90"]
[EventDate "2011.08.15"]
[EventType "tourn"]
[EventRounds "9"]
[EventCountry "ESP"]
[EventCategory "2"]
[Source "lmi"]
[SourceDate "2011.08.15"]

1. e4 c5 2. Nf3 d6 3. d4 cxd4 4. Nxd4 Nf6 5. Nc3 g6 6. Be3 Bg7 7. f3 Nc6 8. Qd2
O-O 9. Bc4 Bd7 10. O-O-O Rc8 11. Bb3 Nxd4 12. Bxd4 b5 13. Bxa7 b4 14. Ne2 Qa5
15. Bd4 e5 16. Be3 d5 17. exd5 Ba4 18. Kb1 Bxb3 19. cxb3 Rfd8 20. Rc1 Ra8 21.
a4 Nxd5 22. Rc5 Qxc5 23. Bxc5 Nc3+ 24. Kc2 Rxd2+ 25. Kxd2 Rd8+ 26. Ke3 Bh6+ 27.
Kf2 Nxe2 28. Kxe2 Rd2+ 29. Ke1 Rc2 30. Bxb4 Rc1+ 31. Ke2 Rxh1 32. a5 Bf8 33.
Bc3 f5 34. Kd3 Kf7 35. Kc4 Ke6 36. b4 Rd1 37. a6 Rd8 38. Kb5 Rb8+ 39. Ka5 Bh6
40. b5 Be3 41. Ka4 Kd6 42. Ba5 Ba7 43. b4 e4 44. fxe4 fxe4 45. b6 Rxb6 0-1

[Event "45. Open de Mislata 2011 - Magistral"]
[Site "Mislata ESP"]
[Date "2011.08.16"]
[Round "2.1"]
[White "Garcia Molla, Victor Manuel"]
[Black "Garcia, Jhoel"]
[Result "1-0"]
[WhiteElo "2304"]
[BlackElo "2376"]
[PlyCount "84"]
[EventDate "2011.08.15"]
[EventType "tourn"]
[EventRounds "9"]
[EventCountry "ESP"]
[EventCategory "2"]
[Source "lmi"]
[SourceDate "2011.08.15"]

1. d4 Nf6 2. c4 g6 3. Nc3 Bg7 4. e4 d6 5. f3 O-O 6. Nge2 a6 7. Be3 c6 8. g4 b5
9. Ng3 Nbd7 10. g5 Ne8 11. Qd2 b4 12. Nd1 d5 13. cxd5 cxd5 14. e5 f6 15. gxf6
exf6 16. f4 fxe5 17. fxe5 a5 18. Nf2 Nb6 19. b3 Nc7 20. Rc1 Ne6 21. Bg2 Qh4 22.
Rc6 Rb8 23. O-O Nf4 24. Rfc1 Bh6 25. Nd3 Ba6 26. Nxf4 Bxf4 27. Rd6 Qg5 28. Bxf4
Rxf4 29. Rf6 Rf8 30. Qxf4 Qxf4 31. Rxf4 Rxf4 32. Rc6 Rxd4 33. Rxb6 Rd1+ 34. Nf1
Bd3 35. Rd6 a4 36. bxa4 Bc4 37. a5 Kg7 38. a6 Ra1 39. a7 Rxa2 40. Rd7+ Kh6 41.
e6 b3 42. e7 Bb5 1-0

[Event "45. Open de Mislata 2011 - Magistral"]
[Site "Mislata ESP"]
[Date "2011.08.16"]
[Round "2.3"]
[White "Garcia Roman, Daniel"]
[Black "Alcaraz Ortega, Javier"]
[Result "1/2-1/2"]
[WhiteElo "2427"]
[BlackElo "2248"]
[PlyCount "178"]
[EventDate "2011.08.15"]
[EventType "tourn"]
[EventRounds "9"]
[EventCountry "ESP"]
[EventCategory "2"]
[Source "lmi"]
[SourceDate "2011.08.15"]

1. d4 d5 2. Nf3 Nf6 3. c4 c6 4. Nc3 Qb6 5. e3 Bg4 6. Qb3 e6 7. Nh4 Be7 8. h3
Bh5 9. g4 Bg6 10. Nxg6 hxg6 11. Bg2 g5 12. c5 Qxb3 13. axb3 Na6 14. f4 Nd7 15.
O-O O-O 16. Bd2 Nc7 17. Be1 Bf6 18. h4 gxh4 19. g5 Be7 20. Bxh4 g6 21. Bg3 Rfc8
22. b4 a6 23. Kf2 Ne8 24. Bf3 Ng7 25. Bg4 Nf5 26. Bxf5 exf5 27. Rh1 Bd8 28. Ra2
Bc7 29. Kf3 Nf8 30. b3 Ne6 31. Rah2 Kf8 32. Rh7 Ke7 33. Be1 Rcb8 34. Na4 Rg8
35. Bd2 Rg7 36. R7h3 Re8 37. Ra1 f6 38. gxf6+ Kxf6 39. Rh6 Bxf4 40. exf4 Nxd4+
41. Kg3 Nxb3 42. Re1 Rge7 43. Rxe7 Rxe7 44. Rh2 Nxd2 45. Rxd2 Re3+ 46. Kf2 Re4
47. Kf3 Rxb4 48. Nb6 Rb3+ 49. Kf2 g5 50. fxg5+ Kxg5 51. Nd7 f4 52. Re2 Kg4 53.
Nf6+ Kf5 54. Nd7 f3 55. Re3 Rxe3 56. Kxe3 f2 57. Kxf2 Ke4 58. Ke2 Kd4 59. Kd2
Kc4 60. Kc2 a5 61. Kb2 Kb4 62. Kc2 a4 63. Kb2 d4 64. Kc2 Kb5 65. Kb2 d3 66. Nf6
Kxc5 67. Kc3 a3 68. Ne4+ Kd5 69. Kxd3 b5 70. Nc3+ Kc5 71. Kc2 Kc4 72. Ne4 Kb4
73. Nc3 Kc4 74. Ne4 b4 75. Nd2+ Kb5 76. Ne4 c5 77. Kb3 c4+ 78. Ka2 Kc6 79. Nd2
Kd5 80. Nf3 Ke4 81. Ne1 Kd4 82. Nc2+ Kc3 83. Ne3 Kd4 84. Nc2+ Kc5 85. Ne3 Kb5
86. Nd5 Ka4 87. Nb6+ Kb5 88. Nd5 Kc5 89. Ne3 Kd4 1/2-1/2

[Event "45. Open de Mislata 2011 - Magistral"]
[Site "Mislata ESP"]
[Date "2011.08.16"]
[Round "2.4"]
[White "Castella Garcia, Fausto"]
[Black "Perez Manas, Benjamin"]
[Result "1/2-1/2"]
[WhiteElo "2326"]
[BlackElo "2298"]
[PlyCount "82"]
[EventDate "2011.08.15"]
[EventType "tourn"]
[EventRounds "9"]
[EventCountry "ESP"]
[EventCategory "2"]
[Source "lmi"]
[SourceDate "2011.08.15"]

1. e4 c6 2. d4 d5 3. e5 Bf5 4. Nf3 e6 5. Be2 Bg4 6. O-O Nd7 7. Nbd2 Ne7 8. h3
Bxf3 9. Nxf3 Nf5 10. c3 Be7 11. Bd3 g6 12. g4 Nh4 13. Nxh4 Bxh4 14. f4 Qb6 15.
a4 a5 16. Be3 f6 17. Qd2 O-O 18. f5 fxe5 19. fxe6 e4 20. Bxe4 Rxf1+ 21. Rxf1
Nf8 22. Bg5 Bxg5 23. Qxg5 dxe4 24. Qe7 Qb3 25. Qf7+ Kh8 26. Qf6+ Kg8 27. Qf7+
Kh8 28. e7 Qxf7 29. Rxf7 Nd7 30. e8=Q+ Rxe8 31. Rxd7 Rb8 32. c4 Rf8 33. Rxb7
Rd8 34. Kf2 Rxd4 35. Ra7 Rxc4 36. Rxa5 Kg7 37. Ke3 Kf6 38. Ra7 Rb4 39. Rc7 Ke5
40. Re7+ Kd5 41. Rd7+ Ke5 1/2-1/2

[Event "45. Open de Mislata 2011 - Magistral"]
[Site "Mislata ESP"]
[Date "2011.08.16"]
[Round "2.5"]
[White "Morejon, Eduardo"]
[Black "Kovacevic, Slobodan"]
[Result "1/2-1/2"]
[WhiteElo "2037"]
[BlackElo "2325"]
[PlyCount "47"]
[EventDate "2011.08.15"]
[EventType "tourn"]
[EventRounds "9"]
[EventCountry "ESP"]
[EventCategory "2"]
[Source "lmi"]
[SourceDate "2011.08.15"]

1. d4 Nf6 2. Nf3 e6 3. e3 c5 4. c3 b6 5. Bd3 Bb7 6. Nbd2 a6 7. a4 d6 8. O-O
cxd4 9. cxd4 Nc6 10. b3 Nb4 11. Bb1 d5 12. Ne5 Bd6 13. f4 g6 14. Ba3 O-O 15.
Rf3 Kg7 16. Rh3 Rc8 17. g4 a5 18. g5 Ng8 19. Rxh7+ Kxh7 20. Qh5+ Kg7 21. Bxg6
fxg6 22. Qxg6+ Kh8 23. Qh5+ Kg7 24. Qg6+ 1/2-1/2

[Event "45. Open de Mislata 2011 - Magistral"]
[Site "Mislata ESP"]
[Date "2011.08.16"]
[Round "3.1"]
[White "Kovacevic, Slobodan"]
[Black "Garcia Molla, Victor Manuel"]
[Result "1/2-1/2"]
[WhiteElo "2325"]
[BlackElo "2304"]
[PlyCount "39"]
[EventDate "2011.08.15"]
[EventType "tourn"]
[EventRounds "9"]
[EventCountry "ESP"]
[EventCategory "2"]
[Source "lmi"]
[SourceDate "2011.08.15"]

1. d4 Nf6 2. Nf3 e6 3. Bg5 h6 4. Bh4 c5 5. e3 Qb6 6. Bxf6 gxf6 7. Qc1 cxd4 8.
exd4 Nc6 9. c3 d5 10. Qc2 Bd7 11. Nbd2 Rc8 12. Qb3 Qc7 13. a4 Bd6 14. Be2 h5
15. O-O Bf4 16. h3 Rg8 17. Kh1 a6 18. Rfe1 Ne7 19. Qd1 Kf8 20. Nb3 1/2-1/2

[Event "45. Open de Mislata 2011 - Magistral"]
[Site "Mislata ESP"]
[Date "2011.08.16"]
[Round "3.3"]
[White "Alcaraz Ortega, Javier"]
[Black "Castella Garcia, Fausto"]
[Result "1-0"]
[WhiteElo "2248"]
[BlackElo "2326"]
[PlyCount "93"]
[EventDate "2011.08.15"]
[EventType "tourn"]
[EventRounds "9"]
[EventCountry "ESP"]
[EventCategory "2"]
[Source "lmi"]
[SourceDate "2011.08.15"]

1. d4 Nf6 2. Nf3 g6 3. Bf4 Bg7 4. e3 O-O 5. Be2 d6 6. O-O Nbd7 7. h3 b6 8. a4
a5 9. Nbd2 Bb7 10. c3 Ne4 11. Nxe4 Bxe4 12. Nd2 Bb7 13. Bg5 h6 14. Bh4 Qe8 15.
Bf3 Bxf3 16. Qxf3 e5 17. Qc6 Rc8 18. Rae1 f5 19. f4 e4 20. b4 Qf7 21. bxa5 bxa5
22. Nc4 Nc5 23. Nxa5 Nd3 24. Rb1 Rb8 25. Rb5 Rxb5 26. Qxb5 Kh7 27. c4 g5 28.
Bg3 Qg6 29. Nc6 Bf6 30. Qd5 gxf4 31. Bxf4 Rg8 32. Bg3 Qxg3 33. Qxf5+ Qg6 34. a5
Qxf5 35. Rxf5 Bg5 36. Rf7+ Kg6 37. Rxc7 Bxe3+ 38. Kh2 Kh5 39. Re7 Bf4+ 40. Kg1
e3 41. a6 Ne1 42. g4+ Kh4 43. a7 Kxh3 44. Kf1 Nc2 45. Nb8 d5 46. a8=Q Rxb8 47.
Qa2 1-0

[Event "45. Open de Mislata 2011 - Magistral"]
[Site "Mislata ESP"]
[Date "2011.08.16"]
[Round "3.4"]
[White "Palencia, Wilson"]
[Black "Garcia Roman, Daniel"]
[Result "1/2-1/2"]
[WhiteElo "2326"]
[BlackElo "2427"]
[PlyCount "63"]
[EventDate "2011.08.15"]
[EventType "tourn"]
[EventRounds "9"]
[EventCountry "ESP"]
[EventCategory "2"]
[Source "lmi"]
[SourceDate "2011.08.15"]

1. e4 c5 2. Nf3 d6 3. d4 cxd4 4. Nxd4 Nf6 5. Nc3 a6 6. Bg5 e6 7. f4 Nc6 8. Nxc6
bxc6 9. e5 h6 10. Bh4 dxe5 11. Qxd8+ Kxd8 12. fxe5 g5 13. exf6 gxh4 14. O-O-O+
Kc7 15. Be2 e5 16. Bc4 Bb4 17. a3 Bxc3 18. bxc3 Re8 19. Bxf7 Rf8 20. Bh5 Rxf6
21. Rhe1 Rf5 22. Bf3 h3 23. Bg4 Rf2 24. gxh3 Bxg4 25. hxg4 Rxh2 26. Rxe5 Rf8
27. Re7+ Kb6 28. Kb2 Rff2 29. Kb3 Rxc2 30. Kc4 Rcd2 31. Rb1+ Rb2 32. Rxb2+
1/2-1/2

[Event "45. Open de Mislata 2011 - Magistral"]
[Site "Mislata ESP"]
[Date "2011.08.16"]
[Round "3.5"]
[White "Garcia, Jhoel"]
[Black "Navarrete Espi, Samuel"]
[Result "1-0"]
[WhiteElo "2376"]
[BlackElo "2169"]
[PlyCount "73"]
[EventDate "2011.08.15"]
[EventType "tourn"]
[EventRounds "9"]
[EventCountry "ESP"]
[EventCategory "2"]
[Source "lmi"]
[SourceDate "2011.08.15"]

1. e4 e5 2. Nf3 Nc6 3. Bb5 Bc5 4. O-O Nf6 5. Nxe5 Nxe4 6. Qe2 Nxe5 7. Qxe4 Qe7
8. Nc3 Ng6 9. Qxe7+ Nxe7 10. Ne4 Bb6 11. b3 O-O 12. Ba3 d6 13. Be2 Nf5 14. c3
Re8 15. Bd3 Bd7 16. Rfe1 Re5 17. Ng5 Rd5 18. Bc4 Rxd2 19. Ne4 Bxf2+ 20. Nxf2
Nh4 21. Bf1 Rc2 22. Bc1 Ng6 23. Re2 Rxe2 24. Bxe2 h6 25. Bd2 Bc6 26. Bf1 Nh4
27. Re1 Kf8 28. Nd3 a5 29. a4 g5 30. c4 f5 31. Re6 Kg7 32. Bc3+ Kh7 33. Re7+
Kg6 34. Rg7+ Kh5 35. Rxc7 Re8 36. Bg7 Kg4 37. Bxh6 1-0

[Event "45. Open de Mislata 2011 - Magistral"]
[Site "Mislata ESP"]
[Date "2011.08.17"]
[Round "4.1"]
[White "Garcia Molla, Victor Manuel"]
[Black "Navarrete Espi, Samuel"]
[Result "0-1"]
[WhiteElo "2304"]
[BlackElo "2169"]
[PlyCount "102"]
[EventDate "2011.08.15"]
[EventType "tourn"]
[EventRounds "9"]
[EventCountry "ESP"]
[EventCategory "2"]
[Source "lmi"]
[SourceDate "2011.08.15"]

1. d4 Nf6 2. c4 c5 3. d5 b5 4. cxb5 a6 5. bxa6 g6 6. Nc3 Bxa6 7. e4 Bxf1 8.
Kxf1 d6 9. Nge2 Bg7 10. h3 O-O 11. Kg1 Nbd7 12. Kh2 Qa5 13. Rb1 Rfb8 14. Qc2
Nb6 15. b3 Nxe4 16. Nxe4 Qxa2 17. Qd3 Nxd5 18. Bd2 Nb4 19. Bxb4 Rxb4 20. Rhd1
Rab8 21. Nd2 Qa5 22. Nc4 Qb5 23. Nc3 Bxc3 24. Qxc3 Rxb3 25. Rxb3 Qxb3 26. Qxb3
Rxb3 27. g4 Kg7 28. Kg2 Kf6 29. Ne3 Ke5 30. Nc4+ Kf6 31. h4 Ke6 32. Ne3 Kd7 33.
h5 gxh5 34. gxh5 e6 35. Ra1 Ke7 36. Ng4 Rb7 37. Ra8 c4 38. Kf1 d5 39. Rh8 c3
40. Ke2 d4 41. Ne5 Rb2+ 42. Kf3 Rd2 43. Rc8 c2 44. Ke4 f5+ 45. Kf3 Kf6 46. Nd7+
Kg5 47. Ne5 Kxh5 48. Rc7 Kg5 49. Kg3 f4+ 50. Kf3 Kf5 51. Ng4 Rd3+ 0-1

[Event "45. Open de Mislata 2011 - Magistral"]
[Site "Mislata ESP"]
[Date "2011.08.17"]
[Round "4.2"]
[White "Garcia Roman, Daniel"]
[Black "Garcia, Jhoel"]
[Result "1-0"]
[WhiteElo "2427"]
[BlackElo "2376"]
[PlyCount "55"]
[EventDate "2011.08.15"]
[EventType "tourn"]
[EventRounds "9"]
[EventCountry "ESP"]
[EventCategory "2"]
[Source "lmi"]
[SourceDate "2011.08.15"]

1. d4 d5 2. Nf3 e6 3. c4 a6 4. e3 Nf6 5. Nbd2 Be7 6. Bd3 c5 7. dxc5 Nbd7 8. b4
a5 9. Qa4 O-O 10. O-O dxc4 11. Bxc4 Nd5 12. Bxd5 exd5 13. Ba3 b6 14. c6 b5 15.
Qb3 Nb8 16. Rac1 Qd6 17. Nd4 axb4 18. Bb2 Ra6 19. Nxb5 Qg6 20. c7 Nc6 21. Qxd5
Be6 22. Qf3 Bg4 23. Qg3 Be2 24. Qxg6 hxg6 25. Nd4 Nxd4 26. c8=Q Rxc8 27. Rxc8+
Kh7 28. Bxd4 1-0

[Event "45. Open de Mislata 2011 - Magistral"]
[Site "Mislata ESP"]
[Date "2011.08.17"]
[Round "4.3"]
[White "Castella Garcia, Fausto"]
[Black "Palencia, Wilson"]
[Result "1/2-1/2"]
[WhiteElo "2326"]
[BlackElo "2326"]
[PlyCount "66"]
[EventDate "2011.08.15"]
[EventType "tourn"]
[EventRounds "9"]
[EventCountry "ESP"]
[EventCategory "2"]
[Source "lmi"]
[SourceDate "2011.08.15"]

1. e4 d6 2. d4 Nf6 3. Nc3 g6 4. f4 Bg7 5. Nf3 O-O 6. e5 Nfd7 7. h4 c5 8. e6
fxe6 9. h5 cxd4 10. Nxd4 Nc5 11. hxg6 hxg6 12. Be3 Nc6 13. Nxc6 bxc6 14. Qg4 e5
15. Qh4 e6 16. Qh2 Qb6 17. Qh7+ Kf7 18. Rh6 Qxb2 19. Qxg6+ Ke7 20. Qxg7+ Rf7
21. Qg5+ Kd7 22. Rd1 Qxc3+ 23. Bd2 Qxc2 24. Rh8 Qe4+ 25. Kf2 Qd4+ 26. Ke1 Bb7
27. Rxa8 Bxa8 28. Qg8 Re7 29. Ba5 Qe3+ 30. Be2 Qg1+ 31. Bf1 Qe3+ 32. Be2 Qg1+
33. Bf1 Qe3+ 1/2-1/2

[Event "45. Open de Mislata 2011 - Magistral"]
[Site "Mislata ESP"]
[Date "2011.08.17"]
[Round "4.4"]
[White "Morejon, Eduardo"]
[Black "Alcaraz Ortega, Javier"]
[Result "0-1"]
[WhiteElo "2037"]
[BlackElo "2248"]
[PlyCount "36"]
[EventDate "2011.08.15"]
[EventType "tourn"]
[EventRounds "9"]
[EventCountry "ESP"]
[EventCategory "2"]
[Source "lmi"]
[SourceDate "2011.08.15"]

1. d4 d5 2. Nf3 c6 3. c3 Nf6 4. Nbd2 Bf5 5. Nh4 Bg4 6. h3 Bh5 7. g4 Bg6 8. Nxg6
hxg6 9. Bg2 e6 10. e4 dxe4 11. Nxe4 Nbd7 12. Bg5 Be7 13. Nxf6+ Nxf6 14. Qb3 Qc7
15. O-O-O O-O-O 16. f4 Nd5 17. Bxd5 exd5 18. Qc2 f6 0-1

[Event "45. Open de Mislata 2011 - Magistral"]
[Site "Mislata ESP"]
[Date "2011.08.17"]
[Round "4.5"]
[White "Kovacevic, Slobodan"]
[Black "Perez Manas, Benjamin"]
[Result "1/2-1/2"]
[WhiteElo "2325"]
[BlackElo "2298"]
[PlyCount "170"]
[EventDate "2011.08.15"]
[EventType "tourn"]
[EventRounds "9"]
[EventCountry "ESP"]
[EventCategory "2"]
[Source "lmi"]
[SourceDate "2011.08.15"]

1. d4 c5 2. e3 e6 3. Nf3 Nf6 4. Nbd2 b6 5. c3 Be7 6. Bd3 Ba6 7. Bxa6 Nxa6 8.
O-O O-O 9. Qe2 Nc7 10. e4 d6 11. e5 Nfd5 12. Ne4 cxd4 13. Nxd4 dxe5 14. Nc6 Qe8
15. Nxe5 f6 16. Nd3 Qc6 17. Nd2 Rad8 18. a3 b5 19. Kh1 a5 20. f4 a4 21. Nb4
Bxb4 22. axb4 Rfe8 23. Nf3 Qd6 24. g3 e5 25. fxe5 fxe5 26. Bg5 Rd7 27. Rad1 Qg6
28. Bc1 e4 29. Nd4 e3 30. Nc2 Rde7 31. Kg1 h6 32. Rd3 Re5 33. Bxe3 Nxe3 34.
Nxe3 Nd5 35. Rf3 Qb6 36. Kf2 g5 37. h3 h5 38. Qd2 g4 39. hxg4 hxg4 40. Rxd5
gxf3 41. Rxe5 Rxe5 42. Kxf3 Qf6+ 43. Kg2 Qg5 44. Kf2 Rf5+ 45. Kg2 Re5 46. Kf2
Qf6+ 47. Kg2 Qe7 48. Kf2 Rh5 49. Qd4 Rh2+ 50. Kg1 Rh5 51. Qg4+ Rg5 52. Qf4 Qd8
53. Nf1 Kg7 54. Qe3 Qf6 55. Qa7+ Kg6 56. Qe3 Kg7 57. Qa7+ Kh8 58. Qa8+ Rg8 59.
Qh1+ Kg7 60. Qb7+ Kh6 61. Qh1+ Kg6 62. Qe4+ Qf5 63. Qc6+ Kg5 64. Qd6 Rf8 65.
Qd2+ Kg6 66. Qe2 Rf6 67. Qe8+ Kg7 68. Qe7+ Rf7 69. Qe2 Kf8 70. Nh2 Re7 71. Qd2
Rd7 72. Qe2 Qb1+ 73. Nf1 Qd3 74. Qe5 Rf7 75. Qb8+ Kg7 76. Qe5+ Kh7 77. Qh5+ Kg8
78. Qg5+ Kf8 79. Qc5+ Re7 80. Qg5 Re2 81. Qc5+ Kf7 82. Qc7+ Kf6 83. Qc6+ Re6
84. Qc8 Qe2 85. Qf8+ Kg6 1/2-1/2

[Event "45. Open de Mislata 2011 - Magistral"]
[Site "Mislata ESP"]
[Date "2011.08.18"]
[Round "5.2"]
[White "Alcaraz Ortega, Javier"]
[Black "Kovacevic, Slobodan"]
[Result "1/2-1/2"]
[WhiteElo "2248"]
[BlackElo "2325"]
[PlyCount "38"]
[EventDate "2011.08.15"]
[EventType "tourn"]
[EventRounds "9"]
[EventCountry "ESP"]
[EventCategory "2"]
[Source "lmi"]
[SourceDate "2011.08.15"]

1. d4 Nf6 2. Nf3 e6 3. Bf4 c5 4. c3 b6 5. e3 Bb7 6. Bd3 Be7 7. h3 a6 8. Nbd2
cxd4 9. cxd4 O-O 10. O-O Nc6 11. a3 b5 12. e4 d6 13. Qe2 Re8 14. Rfe1 Nxd4 15.
Nxd4 e5 16. Be3 exd4 17. Bxd4 Nd7 18. Rad1 Bf6 19. Nf3 Bxd4 1/2-1/2

[Event "45. Open de Mislata 2011 - Magistral"]
[Site "Mislata ESP"]
[Date "2011.08.18"]
[Round "5.3"]
[White "Palencia, Wilson"]
[Black "Morejon, Eduardo"]
[Result "1-0"]
[WhiteElo "2326"]
[BlackElo "2037"]
[PlyCount "73"]
[EventDate "2011.08.15"]
[EventType "tourn"]
[EventRounds "9"]
[EventCountry "ESP"]
[EventCategory "2"]
[Source "lmi"]
[SourceDate "2011.08.15"]

1. e4 d5 2. exd5 Qxd5 3. Nf3 Nf6 4. d4 a6 5. c4 Qd6 6. Nc3 Nc6 7. Be2 e5 8. d5
Ne7 9. Bg5 Ng6 10. h4 h6 11. Bxf6 gxf6 12. g3 Bf5 13. h5 Ne7 14. Nh4 Bh7 15. a3
Bg7 16. g4 e4 17. Qd4 Qf4 18. Ng2 Qe5 19. Qxe5 fxe5 20. Ne3 f5 21. gxf5 Nxf5
22. Rg1 Rg8 23. Nxf5 Bxf5 24. Nd1 Kf7 25. Ne3 Bd7 26. Bg4 Bf6 27. Ke2 Rad8 28.
Bxd7 Rxd7 29. Rxg8 Kxg8 30. Rg1+ Kh7 31. Rg4 Rg7 32. Rxg7+ Kxg7 33. Nf5+ Kh7
34. Ke3 Bg5+ 35. Kxe4 Bc1 36. c5 Bxb2 37. d6 1-0

[Event "45. Open de Mislata 2011 - Magistral"]
[Site "Mislata ESP"]
[Date "2011.08.18"]
[Round "5.4"]
[White "Garcia, Jhoel"]
[Black "Castella Garcia, Fausto"]
[Result "1/2-1/2"]
[WhiteElo "2376"]
[BlackElo "2326"]
[PlyCount "74"]
[EventDate "2011.08.15"]
[EventType "tourn"]
[EventRounds "9"]
[EventCountry "ESP"]
[EventCategory "2"]
[Source "lmi"]
[SourceDate "2011.08.15"]

1. e4 c5 2. Nf3 d6 3. d4 cxd4 4. Nxd4 Nf6 5. Nc3 g6 6. Be3 Bg7 7. Bc4 O-O 8. f3
Nc6 9. Qd2 Bd7 10. O-O-O Rb8 11. Bb3 Na5 12. h4 b5 13. Kb1 Nc4 14. Bxc4 bxc4
15. Ka1 Qb6 16. Rb1 Qa5 17. Nd5 Qxd2 18. Nxe7+ Kh8 19. Bxd2 Nxe4 20. fxe4 Bxd4
21. Bf4 Be5 22. Bxe5+ dxe5 23. h5 Kg7 24. h6+ Kf6 25. Nd5+ Ke6 26. g4 Bc6 27.
Rbd1 Rbd8 28. Nc7+ Ke7 29. Nd5+ Bxd5 30. exd5 f5 31. gxf5 gxf5 32. Rhg1 Rd6 33.
b3 cxb3 34. axb3 Rg6 35. c4 Rxg1 36. Rxg1 f4 37. Kb2 Kd6 1/2-1/2

[Event "45. Open de Mislata 2011 - Magistral"]
[Site "Mislata ESP"]
[Date "2011.08.18"]
[Round "5.5"]
[White "Navarrete Espi, Samuel"]
[Black "Garcia Roman, Daniel"]
[Result "0-1"]
[WhiteElo "2169"]
[BlackElo "2427"]
[PlyCount "54"]
[EventDate "2011.08.15"]
[EventType "tourn"]
[EventRounds "9"]
[EventCountry "ESP"]
[EventCategory "2"]
[Source "lmi"]
[SourceDate "2011.08.15"]

1. e4 c5 2. Nf3 d6 3. d4 cxd4 4. Nxd4 Nf6 5. Nc3 Nc6 6. Be3 e6 7. f3 Be7 8. Qd2
O-O 9. O-O-O a6 10. g4 Nxd4 11. Bxd4 b5 12. h4 Nd7 13. Qf2 b4 14. Ne2 a5 15.
Kb1 a4 16. g5 Qa5 17. Be3 Bb7 18. g6 Rfc8 19. gxf7+ Kxf7 20. Nd4 e5 21. Nf5 b3
22. cxb3 axb3 23. a3 Rc2 24. Rd2 Rac8 25. Bh3 Ba6 26. Qg3 Rxb2+ 27. Kxb2 Qc3+
0-1

[Event "45. Open de Mislata 2011 - Magistral"]
[Site "Mislata ESP"]
[Date "2011.08.18"]
[Round "6.1"]
[White "Garcia Molla, Victor Manuel"]
[Black "Garcia Roman, Daniel"]
[Result "1-0"]
[WhiteElo "2304"]
[BlackElo "2427"]
[PlyCount "51"]
[EventDate "2011.08.15"]
[EventType "tourn"]
[EventRounds "9"]
[EventCountry "ESP"]
[EventCategory "2"]
[Source "lmi"]
[SourceDate "2011.08.15"]

1. d4 Nf6 2. c4 g6 3. Nc3 d5 4. Nf3 Bg7 5. e3 O-O 6. cxd5 Nxd5 7. Bc4 Nb6 8.
Bb3 Na6 9. O-O c5 10. h3 cxd4 11. exd4 Nc7 12. d5 Ne8 13. Re1 Nd6 14. Bf4 Bd7
15. Qe2 Re8 16. Rad1 Rc8 17. Ne5 a6 18. a4 Na8 19. Qf3 Nc7 20. Nxf7 Nxf7 21.
Bxc7 Bg4 22. hxg4 Rxc7 23. d6 exd6 24. Ne4 Rce7 25. Re3 Qa5 26. Nxd6 1-0

[Event "45. Open de Mislata 2011 - Magistral"]
[Site "Mislata ESP"]
[Date "2011.08.18"]
[Round "6.2"]
[White "Castella Garcia, Fausto"]
[Black "Navarrete Espi, Samuel"]
[Result "1/2-1/2"]
[WhiteElo "2326"]
[BlackElo "2169"]
[PlyCount "81"]
[EventDate "2011.08.15"]
[EventType "tourn"]
[EventRounds "9"]
[EventCountry "ESP"]
[EventCategory "2"]
[Source "lmi"]
[SourceDate "2011.08.15"]

1. e4 e5 2. Nf3 Nc6 3. Bc4 Bc5 4. c3 Nf6 5. d3 a6 6. Nbd2 Ba7 7. Bb3 O-O 8. h3
d6 9. Nf1 d5 10. Qe2 Be6 11. Bg5 dxe4 12. dxe4 Bxb3 13. axb3 Qd6 14. Ng3 Qe6
15. O-O Ne8 16. Rad1 f6 17. Bc1 Qxb3 18. Nf5 Qe6 19. Nh2 Ne7 20. g4 Nxf5 21.
gxf5 Qc6 22. Rd5 Nd6 23. Rfd1 Qa4 24. b4 Qb3 25. Qd3 Nf7 26. Be3 Bxe3 27. Qxe3
Nd6 28. Qd3 Nb5 29. Rc1 Qb2 30. Rc2 Qb1+ 31. Kg2 Nd6 32. Nf1 a5 33. b5 b6 34.
Rd2 a4 35. Rd1 Qa2 36. Nd2 a3 37. c4 Ra4 38. Rc1 Rb4 39. Rxd6 cxd6 40. Qd5+ Rf7
41. Qa8+ 1/2-1/2

[Event "45. Open de Mislata 2011 - Magistral"]
[Site "Mislata ESP"]
[Date "2011.08.18"]
[Round "6.3"]
[White "Morejon, Eduardo"]
[Black "Garcia, Jhoel"]
[Result "0-1"]
[WhiteElo "2037"]
[BlackElo "2376"]
[PlyCount "138"]
[EventDate "2011.08.15"]
[EventType "tourn"]
[EventRounds "9"]
[EventCountry "ESP"]
[EventCategory "2"]
[Source "lmi"]
[SourceDate "2011.08.15"]

1. d4 d5 2. Nf3 Nf6 3. Nbd2 c6 4. c3 Bf5 5. Nh4 Bg6 6. Nxg6 hxg6 7. Qc2 Nbd7 8.
Nf3 Qc7 9. g3 e6 10. Bg2 Bd6 11. Ng5 Nf8 12. e4 dxe4 13. Nxe4 Nxe4 14. Qxe4 Nd7
15. Bd2 Nf6 16. Qc2 Qa5 17. Qb3 O-O-O 18. h3 Qf5 19. Qc4 Nd5 20. Qe2 e5 21.
dxe5 Bxe5 22. O-O-O Bc7 23. Qg4 Qxg4 24. hxg4 Nf6 25. g5 Ng4 26. Be1 Rxh1 27.
Rxd8+ Bxd8 28. Bxh1 Bxg5+ 29. Kd1 Be7 30. Bg2 Kc7 31. Ke2 Nf6 32. Bd2 Bd6 33.
c4 Nd7 34. f4 g5 35. Kf3 gxf4 36. gxf4 Be7 37. Be3 Bc5 38. Bd2 Bd4 39. b3 Nf6
40. Bb4 b6 41. Bh3 a5 42. Be7 Nd7 43. Ke4 Bc5 44. Bh4 Bf8 45. Bf2 Bc5 46. Bh4
Ba3 47. Bf2 Nf6+ 48. Kf5 Bb2 49. Bg2 Ng8 50. Bf3 Nh6+ 51. Ke4 f5+ 52. Kd3 g6
53. Bh4 Bc1 54. Bg3 Ng8 55. Ke2 Ba3 56. Bh4 Bd6 57. Bg5 Be7 58. Bxe7 Nxe7 59.
Kd3 Kd6 60. Kd4 c5+ 61. Kc3 Nc6 62. Bxc6 Kxc6 63. Kd3 Kd6 64. Kd2 Ke6 65. a3
Kf6 66. a4 g5 67. Ke3 gxf4+ 68. Kxf4 Ke6 69. Kf3 Ke5 0-1